| 000 | 01048 a2200229 4500 | ||
|---|---|---|---|
| 001 | 22983 | ||
| 005 | 20260407155519.0 | ||
| 008 | 260407a1999 arg spa d | ||
| 003 | AR-UNSa-BCEJYS | ||
| 040 |
_aAR-UNSa-BCEJYS _bspa _cAR-UNSa-BCEJYS |
||
| 080 |
_a338.5.01 _xTeorías de los precios |
||
| 245 | 1 | 0 | _aTeoría de los precios |
| 020 | _a978-970-15-0409-3 | ||
| 250 | _a5a. ed | ||
| 264 | 1 |
_aMéxico : _bAlfaomega _c1999 |
|
| 300 |
_a480 p. _c25cm. |
||
| 505 | _a1. Definiciones y conceptos básicos - 2. Conceptos de demanda, oferta y equilibrio - 3. Algunas aplicaciones de demanda, oferta y equilibrio - 4. Elasticidades y aplicaciones - 5. Teoría de la demanda - 6. La curva de oferta - 7. El precio y la eficiencia económica con competencia perfecta - 8. El precio y la eficiencia económica con competencia imperfecta. | ||
| 942 | _cBK | ||
| 590 | _aniveau_biblio:m niveau_hierar:0 | ||
| 100 | 1 | _aFontaine, Ernesto R. | |
| 856 | 4 | 1 |
_uhttps://www.biblioeco.unsa.edu.ar/pmb/images/libros/L128213.jpg _yImagen de portada _qimage/jpeg |
| 999 |
_c1079 _d1079 |
||